Geografía de Chile
محفوظ في:
| المؤلف الرئيسي: | |
|---|---|
| التنسيق: | كتاب |
| اللغة: | الإسبانية |
| منشور في: |
Santiago
Instituto Geográfico Militar
1948
|
| الموضوعات: | |
| الوسوم: |
إضافة وسم
لا توجد وسوم, كن أول من يضع وسما على هذه التسجيلة!
|
MARC
| LEADER | 00000nam a2200000 a 4500 | ||
|---|---|---|---|
| 001 | UCH2426 | ||
| 003 | CL-VaPUC | ||
| 008 | 090611e19480000CL |||||||||||||||||spa|d | ||
| 082 | 0 | 4 | |a 918.83 |b KAP |2 21 |
| 100 | |a Kaplan C., Oscar |e author |9 537234 | ||
| 245 | 1 | 0 | |a Geografía de Chile |
| 300 | |a 670 p | ||
| 942 | |c BK | ||
| 945 | |d 20090611 00:00:00 |a dcastane | ||
| 260 | |a Santiago |b Instituto Geográfico Militar |c 1948 | ||
| 650 | 0 | |a Geografía |9 259346 | |
| 650 | 0 | |a Geografía humana |9 267193 | |
| 650 | 0 | |a Geografía física |9 259347 | |
| 650 | 0 | |a Geografía económica |9 267757 | |
| 650 | 0 | |a Regiones geográficas |9 259348 | |
| 650 | 0 | |a Provincias |9 369155 | |
| 651 | 7 | |a CHILE |2 CL-VaPUC |9 537235 | |
| 583 | |a last modification |c 20090611 00:00:00 |k Rodrigo Vera | ||
| 999 | |c 334166 |d 334164 | ||
| 952 | |0 0 |1 0 |4 0 |6 918_830000000000000_KAP_1948 |7 0 |8 X |9 423000 |a FDOBUD |b FDOBUD |d 2019-11-22 |i 4555848 |o 918.83 KAP 1948 |p 4555848 |r 2019-11-22 |w 2019-11-22 |y BK_X |k BUD | ||